Âm mưu và hoạt động "diễn biến hòa bình" của các thế lực thù địch trên đất nước ta : Tài liệu tham khảo

Nội dung tài liệu gồm diễn biến của các thế lực thù địch trên đất nước ta, quyfn chính trị tự do cá nhân và phát triển cá nhân.

محفوظ في:
التفاصيل البيبلوغرافية
التنسيق: كتاب
اللغة:Undetermined
منشور في: [Hà Nội] [Hà Nội] 1994
الموضوعات:
الوسوم: إضافة وسم
لا توجد وسوم, كن أول من يضع وسما على هذه التسجيلة!
Thư viện lưu trữ: Trung tâm Học liệu Trường Đại học Cần Thơ
LEADER 00887nam a2200181Ia 4500
001 CTU_206167
008 210402s9999 xx 000 0 und d
082 |a 320.531 
082 |b Â120 
245 0 |a Âm mưu và hoạt động "diễn biến hòa bình" của các thế lực thù địch trên đất nước ta : 
245 0 |b Tài liệu tham khảo 
260 |a [Hà Nội] 
260 |b [Hà Nội] 
260 |c 1994 
520 |a Nội dung tài liệu gồm diễn biến của các thế lực thù địch trên đất nước ta, quyfn chính trị tự do cá nhân và phát triển cá nhân. 
650 |a Chủ nghĩa xã hội,Khoa học và nghệ thuật quân sự,Military art and science,Socialism 
904 |i Tuyến 
980 |a Trung tâm Học liệu Trường Đại học Cần Thơ